000 00494nam a2200181Ia 4500
008 131103s9999 xx 000 0 und d
020 _a816714290
040 _aLoreto College
041 _aEnglish
082 _aREF8
_bLCBED/11030
100 _aPellowski, Michael
245 _aWhat's it like to be a..fire fighter
_cMichael Pellowski
260 _aNew jersey
_bTroll associates
_c1989
300 _a32p.
_b ill., pic
_c 24cm.
650 _aRefarence
850 _aLCBED/REF8
942 _cBK
999 _c31612
_d82091